MDQL
is popping MORE tags! Check the
thread
!
Quizzes
Events
Quiz Creation
Community
Videos
Private Events
Remove Ads
Sign In
Join for FREE
Feedback
Dark Mode
Quiz Categories
Sports
Geography
Music
Movies
Television
Just For Fun
Miscellaneous
History
Literature
Language
Science
Gaming
Entertainment
Religion
Holiday
For Kids
Quiz Lab
Recent
Popular Today
Quiz Kudos Today
Editor Picks
Curator Picks
Quizzes by...
Day
Popularity
Type
Ratings
Length
Year
Community
Subscriptions
Recent Discussions
Orange Saloon
Badges
Playlists
Quests
Create
Leaderboards
Showdown
Live 5
Trivia Bingo
Activity
Puzzle Library
Sporcle Events
Private Events
Virtual Trivia
Globe League
Become a Host
Pub Owners
SporcleCon
Opinionation
Our Games
Videos
Blog
Mobile Apps
Partnerships
Remove Ads and Go Orange
Feedback
Sports
Athletes
MLB
NBA
NHL
NFL
Soccer
Sports Teams
WWE
NCAA
Football
Premier League
Basketball
Baseball
Hockey
Golf
Tennis
Cricket
Rugby
Auto Racing
Olympics
World Cup
Sports
Athletes
MLB
NBA
NHL
NFL
Soccer
Sports Teams
WWE
NCAA
Football
Premier League
Basketball
Baseball
Hockey
Golf
Tennis
Cricket
Rugby
Auto Racing
Olympics
World Cup
Random Quiz
Search Sporcle
×
Quiz Lab
Quiz Lab
Sports
Auto Racing
Type in answers that appear in a list
Type in answers that appear in a list
Classic
Best Score? Go Orange.
F1 Top 10 Drivers - 1960's Stats
Can you name the Top 10 drivers in the F1 World Championship standings from 1960-1969?
By
PJC_90
8m
100 Questions
4,117 Plays
4,117 Plays
4,117 Plays
Comments
Comments
Give Quiz Kudos
Give Quiz Kudos
-
- Ratings
hide this ad
Replay
Link that replays current quiz
Next Quiz
Link to next quiz in quiz playlist
You Got
0%
They Got
Avg Score
86%
Avg Friend Score
Upgrade to see
Score Distribution
Jump to the score distribution portion of the page
Score
0/100
Timer
08:00
3
Plays Today
% Correct
Jim Clark
98.7%
Jim Clark
98.7%
Jim Clark
98.7%
Jim Clark
98.7%
Jim Clark
98.7%
Jim Clark
98.7%
Jim Clark
98.7%
Jim Clark
98.7%
Graham Hill
98.6%
Graham Hill
98.6%
Graham Hill
98.6%
Graham Hill
98.6%
Graham Hill
98.6%
Graham Hill
98.6%
Graham Hill
98.6%
Graham Hill
98.6%
Phil Hill
98.6%
Phil Hill
98.6%
Phil Hill
98.6%
Jack Brabham
98.5%
Jack Brabham
98.5%
Jack Brabham
98.5%
Jack Brabham
98.5%
Jack Brabham
98.5%
Jack Brabham
98.5%
Jack Brabham
98.5%
Jack Brabham
98.5%
Jackie Stewart
98.4%
Jackie Stewart
98.4%
Jackie Stewart
98.4%
Jackie Stewart
98.4%
Jackie Stewart
98.4%
John Surtees
97.2%
John Surtees
97.2%
% Correct
John Surtees
97.2%
John Surtees
97.2%
John Surtees
97.2%
John Surtees
97.2%
John Surtees
97.2%
Denny Hulme
96.8%
Denny Hulme
96.8%
Denny Hulme
96.8%
Denny Hulme
96.8%
Bruce McLaren
93.4%
Bruce McLaren
93.4%
Bruce McLaren
93.4%
Bruce McLaren
93.4%
Bruce McLaren
93.4%
Bruce McLaren
93.4%
Bruce McLaren
93.4%
Bruce McLaren
93.4%
Jochen Rindt
93%
Jochen Rindt
93%
Stirling Moss
92.3%
Stirling Moss
92.3%
Jacky Ickx
90.3%
Jacky Ickx
90.3%
Wolfgang von Trips
88.1%
Wolfgang von Trips
88.1%
Dan Gurney
86.2%
Dan Gurney
86.2%
Dan Gurney
86.2%
Dan Gurney
86.2%
Dan Gurney
86.2%
Dan Gurney
86.2%
Richie Ginther
83.7%
Richie Ginther
83.7%
Richie Ginther
83.7%
% Correct
Richie Ginther
83.7%
Richie Ginther
83.7%
Richie Ginther
83.7%
Lorenzo Bandini
80.7%
Lorenzo Bandini
80.7%
Lorenzo Bandini
80.7%
Lorenzo Bandini
80.7%
Tony Brooks
77.8%
Chris Amon
77.5%
Chris Amon
77.5%
Pedro Rodríguez
77.1%
Pedro Rodríguez
77.1%
Jo Siffert
74.2%
Jo Siffert
74.2%
Jo Siffert
74.2%
Jean-Pierre Beltoise
74.2%
Jean-Pierre Beltoise
74.2%
Innes Ireland
71.8%
Innes Ireland
71.8%
Innes Ireland
71.8%
Giancarlo Baghetti
66.5%
Ludovico Scarfiotti
66.4%
Piers Courage
52.7%
Tony Maggs
51.4%
Tony Maggs
51.4%
Mike Parkes
51.3%
Mike Spence
51.1%
Mike Spence
51.1%
Trevor Taylor
50.4%
Jim Rathmann
46.3%
Olivier Gendebien
44.7%
Peter Arundell
43.7%
Quiz Playlist
Details
Report
Send in Message
Add To Playlist
Classic:
Type in answers that appear in a list
Last Updated: Feb 16, 2017
Quiz Scoreboard
CHALLENGE
Sign Up to Join the Scoreboard
Show All
Scores
Hide
Comments
May contain spoilers
Recently Published
1-10 Letter E Words III
by El_Dandy
Language
2m
Street Fighter Characters
by Artimus82
Gaming
60s
College Basketball Coaching Resumes
by pancakes188
Sports
9m
More to Explore
Quiz From the Vault
Featured Blog Post
Where Did the Easter Bunny Come From?
hide this ad
You Might Also Like...
Tags
Auto Racing Quiz
1960
1960s
Driver
F1 Drivers
Formula 1
Top 10
Today's Top Quizzes in Sports
Browse Sports
hide this ad
Today's Top Quizzes in Auto Racing
Browse Auto Racing
Top Contributed Quizzes in Sports
1
2022 World Cup Stars
2
Les meilleurs buteurs des matchs entre le PSG et l’OM
3
FIFA Club World Cup Champions
4
Les entraîneurs de l'OM et du PSG au 21e siècle
5
Criteria MLB: Left Handed Sluggers
6
2023 MLB Unique Player Accomplishments
7
AFC Teams Reveal (Wrong Answers Minefield)
8
Players with Multiple 50 Home Run Seasons
9
5-to-1: FBS Animal Nicknames
10
5-to-1: UK Sports Teams
Explore More
Trending Topics
Anime
NBA
Crossword
Kpop
Marvel
Disney
Harry Potter
The Office
Country
Soccer
Pokémon
WWE
Song
NFL
Puzzle
hide this ad
More By:
PJC_90
Quiz
Plays
Rating
Category
Featured
Created
Names in Common
24,156
4.81
Entertainment
Mar 15, 2016
F1 Logic Puzzle: Teams (2010's)
14,001
4.15
Sports
Apr 29, 2021
F1 Top 10 Drivers - 2000's
9,932
4.80
Sports
Jan 6, 2016
F1 Logic Puzzle: Teams (2000's)
7,483
4.25
Sports
Apr 27, 2021
Criteria Match: F1 Drivers
7,189
4.45
Sports
Mar 8, 2016
Go to Creator's Profile
Score Distribution
Quiz Creator Spotlight
PJC_90
Follow
Send a Message
Quizzes Created
-
Created Quiz Play Count
-
More By This Creator
Popular Quizzes Today
1
Find the US States - No Outlines Minefield
2
Find the Countries of Europe - No Outlines Minefield
3
The Countries of the World
4
Find the US States
5
Risky Map Clicking: Biggest States A-Z
6
US States
7
Popular People in 1961
8
Movies - When Are They Set?
More Sports Quizzes
Ligue 2 clubs relegated
Quiz Lab
Trending Quizzes
Risky Map Clicking: Least Populous States A-Z
Billboard Blitz: Aretha Franklin
Famous Russians: Author or Composer?
Countries of the World: 200 Million BC
1-10 Letter G Words
Recently Updated
Leaping Animals
pecheneg
Reality TV Shows (A-Z)
bhenderson79
Rickey Henderson's Hall of Fame Teammates
pecheneg
Champions League XIs: Arsenal
pecheneg
Quick Pick: Celebrities in WWE's Hall of Fame
aduchscher
A-Z Keypad Blitz II
pecheneg
Multiple Oscar Actors
pecheneg
Mystery Phrase Blitz: Oscar 'Best Actors'
pecheneg
F. Scott Fitzgerald Novels
LTH
Pick 3 Villains
ddd62291
Trending Topics
NBA
Anime
Harry Potter
Disney
Crossword
Kpop
Marvel
Puzzle
WWE
Soccer
Pokémon
Song
Country
The Office
NFL
Your Account Isn't Verified!
In order to create a playlist on Sporcle, you need to verify the email address you used during registration. Go to your
Sporcle Settings
to finish the process.
Report this User
Report this user for behavior that violates our
Community Guidelines
.
Details:
Send Report
Go to the Sporcle.com Mobile Site →
Comments